[Event "GER-chT U16 Girls"]
[Site "Magdeburg"]
[Date "2023.12.28"]
[Round "3.10"]
[White "Fetahovic, Maida"]
[Black "Dzutseva, Alana"]
[Result "1-0"]
[WhiteElo "1038"]
[BlackElo "897"]
[PlyCount "109"]
[EventDate "2023.12.26"]
[EventType "team-swiss"]
[EventRounds "7"]
[EventCountry "GER"]
[SourceTitle "CB03_2024"]
[SourceDate "2024.01.17"]
[SourceVersion "1"]
[SourceVersionDate "2024.01.17"]
[SourceQuality "1"]
[WhiteTeam "Solingen"]
[BlackTeam "Bad Duerkheim Wachenheim"]
[WhiteTeamCountry "GER"]
[BlackTeamCountry "GER"]

1. e4 e6 2. d4 d5 3. exd5 exd5 4. Nf3 Nc6 5. Bb5 Bd7 6. c3 Bd6 7. 0-0 Nf6 8. Re1+ Be6 9. Nbd2 0-0 10. Nf1 a6 11. Bd3 Qd7 12. Ne5 Qe8 13. Ng3 Ng4 14. Nxg4 Bxg4 15. Bxh7+ Kh8 16. f3 Ne7 17. fxg4 Bxg3 18. hxg3 Kxh7 19. Qd3+ Kg8 20. Kf2 Qd7 21. Rh1 Ng6 22. Qf5 Qxf5+ 23. gxf5 Ne7 24. g4 f6 25. Bf4 c6 26. Rh3 g5 27. fxg6 Nxg6 28. Be3 b6 29. Re1 f5 30. gxf5 Rxf5+ 31. Rf3 Rh5 32. Kg1 Nh4 33. Rh3 Rf8 34. Bf2 Rf4 35. Bxh4 Rhxh4 36. Rxh4 Rxh4 37. Re8+ Kf7 38. Rb8 c5 39. Rb7+ Ke6 40. Rxb6+ Kd7 41. dxc5 Rc4 42. Rd6+ Kc7 43. Rxd5 Kc6 44. Rd6+ Kxc5 45. Rxa6 Kb5 46. Ra3 Re4 47. Rb3+ Ka4 48. Rb4+ Rxb4 49. cxb4 Kxb4 50. g4 Kc5 51. a4 Kb4 52. g5 Kxa4 53. g6 Kb3 54. g7 Kxb2 55. g8Q 1-0

[Event "GER-chT U16 Girls"]
[Site "Magdeburg"]
[Date "2023.12.27"]
[Round "1.7"]
[White "Fetahovic, Maida"]
[Black "Ottlik, Marie"]
[Result "0-1"]
[WhiteElo "1038"]
[BlackElo "1452"]
[PlyCount "72"]
[EventDate "2023.12.26"]
[EventType "team-swiss"]
[EventRounds "7"]
[EventCountry "GER"]
[SourceTitle "CB03_2024"]
[SourceDate "2024.01.17"]
[SourceVersion "1"]
[SourceVersionDate "2024.01.17"]
[SourceQuality "1"]
[WhiteTeam "Solingen"]
[BlackTeam "Leipzig SG"]
[WhiteTeamCountry "GER"]
[BlackTeamCountry "GER"]

1. e4 c5 2. Nf3 d6 3. d4 cxd4 4. Nxd4 Nf6 5. Nc3 a6 6. h3 b5 7. Bd3 Bb7 8. a3 Nbd7 9. 0-0 Nb6 10. Re1 e6 11. Bg5 Be7 12. Qf3 Rc8 13. Rad1 Qc7 14. Qg3 Nc4 15. Bxc4 Qxc4 16. Qd3 Qxd3 17. cxd3 0-0 18. Rc1 h6 19. Bh4 Rfe8 20. f4 Nd7 21. Bxe7 Rxe7 22. e5 dxe5 23. fxe5 Nc5 24. Ne4 Nxd3 25. Rxc8+ Bxc8 26. Nc6 Rc7 27. Rd1 Nxb2 28. Rd8+ Kh7 29. Ne7 Bb7 30. Rc8 Bxc8 31. Nxc8 Rxc8 32. Nd6 Rc1+ 33. Kh2 Nc4 34. Nxf7 Nxa3 35. Nd8 b4 36. Nxe6 b3 0-1